Vady a choroby vlasů (trichologie)

Bibliographic Details
Main Author: Říhová, Vlasta, 1890-1960 (Author)
Format: Book
Language:Czech
PhysicalDescription:235 s. fotogr., ilustr. 25 cm
Published: Praha Zdravotnické nakladatelství 1951
Edition:1. vyd.
Subjects:

MARC

LEADER 00000nam a2200000 a 4500
001 vtls008954861
003 SK-MaSNL
005 20260302042712.0
008 240313s1951 xr oa g f 001 0 cze
020 |q (viaz.) 
040 |a SNK  |b slo  |c SNK  |e AACR2 
041 0 |a cze 
044 |a xr  |c CZ 
072 7 |a 616  |x Patológia. Klinická medicína  |2 konspekt 
080 |a 611.781  |2 2001 
080 |a 616.594.1  |2 2001 
080 |a (035)  |2 2001 
100 1 |a Říhová, Vlasta,  |d 1890-1960  |4 aut  |9 100770 
245 1 0 |a Vady a choroby vlasů  |b (trichologie)  |c Vlasta Říhová 
250 |a 1. vyd. 
260 |a Praha  |b Zdravotnické nakladatelství  |c 1951 
300 |a 235 s.  |b fotogr., ilustr.  |c 25 cm 
366 |e 3300 výtl. 
500 |a Celkovo 2. dopl. vyd. 
504 |a Synonymá názvov vlasových chorôb. Vec. reg. Zoz. fotogr. a ilustr. 
650 0 7 |a vlasy  |2 SNKPH  |9 15827 
650 0 7 |a choroby vlasov  |2 SNKPH  |9 71214 
650 0 7 |a klinická trichológia  |2 SNKPH  |9 100771 
655 7 |a príručky  |2 SNKPH  |9 74364 
999 |c 1083813  |d 1085743 
952 |a SNK  |b SNK  |y VYP  |7 0  |p 17A0542687  |o snkIC 9063  |i snkVIII. 474/52  |8 3  |0 0  |1 0  |4 0  |d 2007-03-13  |l 0  |r 2026-02-24 16:32:59  |w 2026-02-24